El guardián de la noche /

Bewaard in:
Bibliografische gegevens
Hoofdauteur: Velarde Moreno, Cinthia Melisa (autor)
Andere auteurs: Castro, Paulina (ilustración) (ilustración)
Formaat: Boek
Taal:Spaans
Gepubliceerd in: Culiacán, México : Universidad Autónoma de Sinaloa, 2018, c2018
Onderwerpen:
Tags: Voeg label toe
Geen labels, Wees de eerste die dit record labelt!

MARC

LEADER 00000nam^a2200000^a^4500
001 000444421
005 20250521000000.0
009 20260310123515.819
020 |a 978-607-737-234-9 
037 |a Acervo ITESO - Biblioteca 
041 |a ESP 
082 |a 808. 899282  |b VEL 
100 |a Velarde Moreno, Cinthia Melisa  |e (autor) 
245 1 3 |a El guardián de la noche /  |c C.M. Velarde Moreno ; il. de P. Castro. 
264 4 |a Culiacán, México :  |b Universidad Autónoma de Sinaloa,  |c 2018, c2018 
300 |a [24 p.] 
336 |a texto  |b txt  |2 rdacontenido 
337 |a sin mediación  |b n  |2 rdamedio 
338 |a volumen  |b nc  |2 rdasoporte 
649 |a XX 
650 |a Cuentos Infantiles -  |z México 
650 |a Cuentos Mexicanos 
650 |a Literatura Infantil -  |z México 
650 |a Literatura Mexicana -  |y Siglo XXI 
650 |a Literatura de Mujeres -  |z México 
650 |a Murciélagos en la Literatura 
700 |a Castro, Paulina  |e (ilustración) 
910 |a Fondo General 
920 |a Impresos - Libros 
930 |a Colección General 
940 |a Literatura 
905 |a 101 
901 |a 0500366043  |b IT1  |c LIT  |d ES  |i c177831  |u 20250521 
902 |a https://opac.biblio.iteso.mx/vufind/Record/000444421